|
|
|
|
| LEADER |
00000nam0a2200000 4500 |
| 001 |
256597 |
| 005 |
20231101233129.0 |
| 010 |
|
|
|a 5020084344
|
| 035 |
|
|
|a (RuTPU)RU\TPU\book\279310
|
| 090 |
|
|
|a 256597
|
| 100 |
|
|
|a 20140410d1987 k y0rusy50 ca
|
| 101 |
0 |
|
|a rus
|
| 102 |
|
|
|a RU
|
| 105 |
|
|
|a y z 001zy
|
| 200 |
1 |
|
|a Научно-техническая революция и промышленное развитие СССР
|f В. С. Лельчук
|g Академия наук СССР (АН СССР), Институт истории СССР ; под ред. М. П. Кима
|
| 210 |
|
|
|a Москва
|c Наука
|d 1987
|
| 215 |
|
|
|a 286 с.
|
| 320 |
|
|
|a Библиогр.: с. 267-285.
|
| 606 |
1 |
|
|a Научно-технический прогресс
|y СССР
|y Россия
|2 stltpush
|3 (RuTPU)RU\TPU\subj\36489
|9 57849
|
| 606 |
1 |
|
|a Наука
|y В СССР
|2 stltpush
|3 (RuTPU)RU\TPU\subj\45072
|9 64334
|
| 610 |
1 |
|
|a научно-техническая революция
|
| 610 |
1 |
|
|a промышленное развитие
|
| 610 |
1 |
|
|a методология
|
| 610 |
1 |
|
|a историография
|
| 610 |
1 |
|
|a индустриализация
|
| 610 |
1 |
|
|a интеграция
|
| 686 |
|
|
|a У9(2)0-551
|v LBC/SL-A
|2 rubbk
|
| 686 |
|
|
|a Ч21(2)
|v LBC/SL-A
|2 rubbk
|
| 700 |
|
1 |
|a Лельчук
|b В. С.
|g Виталий Семенович
|
| 702 |
|
1 |
|a Ким
|b М. П.
|4 340
|
| 712 |
0 |
2 |
|a Академия наук СССР (АН СССР)
|b Институт истории СССР
|c (1968-1991)
|c (Москва)
|2 stltpush
|3 (RuTPU)RU\TPU\col\11069
|
| 801 |
|
1 |
|a RU
|b 63413507
|c 20140410
|
| 801 |
|
2 |
|a RU
|b 63413507
|c 20141208
|g RCR
|
| 942 |
|
|
|c BK
|